| 000 | 01349ncm0a2200337 4500 | ||
|---|---|---|---|
| 001 | RU\NLR\ONIZ\215762 | ||
| 005 | 20260406080648.0 | ||
| 010 | _z5-9565-0036-2 | ||
| 035 | _a(NLR Aleph) 011338115 | ||
| 071 | 2 | 0 | _aNM 682 |
| 090 |
_a11175702 _c11175702 |
||
| 100 | _a20161123d2004 |||y0rusy50 ca | ||
| 101 | 0 | _arus | |
| 102 | _aRU | ||
| 125 | _aax | ||
| 200 | 1 |
_aМой Лист _bНоты _dMy Liszt _eнетрудные пьесы _e[для фп.] _fФ. Лист _zeng |
|
| 210 |
_aСанкт-Петербург _cНота _d2004 |
||
| 215 |
_a44 с. _cпортр. _d29 см |
||
| 225 | 1 | _aШкольная классика. Фортепиано | |
| 327 | 1 | _a1. Печальная степь; 2. Ноктюрн № 3: "Грёзы любви"; 3. Первый забытый вальс; 4. Утешения; 5. Сонет Петрарки 123; 6. Ave Maria: "Колокола Рима" | |
| 686 |
_aЩ954.2я44(4Вн) _vLBC/SL _2rubbk |
||
| 700 | 1 |
_4230 _8rus _7ca _aЛист _bФ. _f1811-1886 _gФеренц _3RU\NLR\AUTH\7743076 _926019 |
|
| 790 | 1 |
_4230 _7ba _8hun _aLiszt _bF. _f1811-1886 _gFerenc _9210699 _3RU\NLR\AUTH\770210755 |
|
| 801 | 0 |
_aRU _bNLR _c20161123 _gPSBO |
|
| 801 | 1 |
_aRU _bNLR _c20161123 _2rusmarc |
|
| 801 | 2 |
_aRU _bNLR _c20161129 |
|
| 852 |
_aNLR _bМ _jК-3/25937 _p280192 _t1 |
||
| 942 | _cSCORE | ||
| 980 | _aNB | ||
| 980 | _aONIZ | ||